00243nam a2200097Ia 4500008004100000100002000041245003500061260003300096300000800129650000800137191201s2008 xx 000 0 und d aCHUNAWALLA,S.A. 0aCompendium of Brand Management aN. DelhibHimalaya pubc2008 a322 aMBA